000 01072nam a22003137a 4500
001 7742
003 FISKH
005 20250801154319.0
008 250801b cb ||||| |||| 00| 0 eng d
020 _a9780516422770
040 _aFISKH
_beng
_cFISKH
_dFISKH
050 _aND237.H75 V46
082 _a759.13
100 _aVenezia, Mike
245 _aEdward Hopper /
_cBy Mike Venezia
260 _aChicago :
_bChildrens Press ,
_c1990.
300 _a32 pages :
_bcolor illustrations ;
_c24 cm .
490 _aGetting to Know the World's Greatest Artists (Hopper)
505 _aR
520 _aBriefly examines the life and work of the American realist painter, describing and giving examples of his art.
521 8 _a780
_bLexile estimate
521 8 _aR
_bRaz-Plus
650 _aHopper, Edward, 1882-1967
_vJuvenile Literature
650 _aArtists
_vJuvenile Literature
650 _aPainting, American
_vJuvenile Literature
650 _aPainting, Modern- United States
_vJuvenile Literature
942 _2ddc
_cBK
_n0
999 _c7742
_d7742